Statistics for Unscramble | Summer theme

Click here to take the quiz!

General Stats

  • This quiz has been taken 75 times
  • The average score is 15 of 15

Answer Stats

Hints...Scrambled...Unscrambled!% Correct
Food cooked outdoors on a grill or open fire:BQBBBQ
100%
Sun, sand, water...caehbbeach
100%
A noun for "hot"atehheat
100%
A meal taken outdoors, especially in scenic surroundingsnicpicpicnic
100%
Let's go to my swimming ____lopopool
100%
The 2nd seasonrummessummer
100%
Opposite of the moon:nsusun
100%
Glasses+Sunsessalgnussunglasses
100%
Skin darkens after exposure to the sun:atntan
100%
This summer break, I'm going on a ________vactaoinvacation
100%
Frozen juice on a stickplopsciepopsicle
98%
The rays of the sun:eshisunnsunshine
98%
A soft frozen food, contains sweetened and flavored milk fatmaerceciicecream
94%
Go from one place to anotherlvearttravel
94%
High amount of water or water vapor outsideidumhhumid
92%

Score Distribution

Percentile by Number Answered

Percent of People with Each Score

Your Score History

You have not taken this quiz